[Event "AUTO-OPEN-315"]
[Site "http://www.queenalice.com/game.php?id=83316"]
[Date "2006.7.6"]
[Round "1"]
[White "Hpredator"]
[Black "Mick_Gray"]
[Result "0-1"]
[WhiteElo "1514"]
[BlackElo "1523"]

1. d4 d5 2. e3 Nf6 3. c4 Nc6 4. cxd5 Qxd5 5. Nc3 Qa5 6. d5 Nb4 7. Bb5+ Bd7 8.
Bxd7+ Nxd7 9. a3 Na6 10. Qb3 O-O-O 11. Bd2 Nac5 12. Qc2 Qa6 13. b4 Nd3+ 14. Kd1
Nxf2+ 15. Kc1 Nxh1 16. a4 Qf1+ 17. Kb2 Qf6 18. Ka2 Nf2 19. Nb5 Qb6 20. Rc1 c6
21. e4 a6 22. dxc6 bxc6 23. Na7+ Qxa7 24. Qxc6+ Kb8 25. Nf3 Nd3 26. Rc3 Nxb4+
0-1

[Event "AUTO-OPEN-315"]
[Site "http://www.queenalice.com/game.php?id=83317"]
[Date "2006.7.6"]
[Round "1"]
[White "Mick_Gray"]
[Black "Hpredator"]
[Result "1-0"]
[WhiteElo "1473"]
[BlackElo "1523"]

1. e4 e5 2. f4 exf4 3. Nf3 c6 4. d4 Qa5+ 5. Bd2 Qb6 6. Nc3 Qxb2 7. Bd3 Bb4 8.
Rb1 Qa3 9. O-O Bxc3 10. Rb3 Bxd4+ 11. Nxd4 Qxa2 12. Rxf4 Qa3 13. Rxa3 Nf6 14. e5
Nd5 15. Rf2 O-O 16. Bxh7+ Kxh7 17. Qh5+ Kg8 18. Rh3 f6 19. Nf5 fxe5 20. Qh8+ Kf7
21. Nd6+ Ke7 22. Qxf8+ Ke6 23. Bg5 Nf6 24. Rd3 1-0

[Event "AUTO-OPEN-315"]
[Site "http://www.queenalice.com/game.php?id=83318"]
[Date "2006.7.6"]
[Round "1"]
[White "Hpredator"]
[Black "Ernani"]
[Result "0-1"]
[WhiteElo "1457"]
[BlackElo "1755"]

1. e4 e5 2. d4 exd4 3. Qxd4 Nc6 4. Qc4 Nf6 5. Nf3 Na5 6. Qb5 c6 7. Qe5+ Be7 8.
Bd2 Nc4 9. Bxc4 O-O 10. Bg5 Re8 11. a3 h6 12. Bh4 Bb4+ 13. axb4 Rxe5 14. Nxe5 d5
15. exd5 cxd5 16. Bb3 Be6 17. O-O Qc7 18. c4 Qxe5 19. Bxf6 Qxf6 20. cxd5 Bd7 21.
Nd2 Qxb2 22. Ne4 Qxb3 23. Nc5 Qxd5 0-1

[Event "AUTO-OPEN-315"]
[Site "http://www.queenalice.com/game.php?id=83319"]
[Date "2006.7.6"]
[Round "1"]
[White "Ernani"]
[Black "Hpredator"]
[Result "1-0"]
[WhiteElo "1776"]
[BlackElo "1515"]

1. e4 e5 2. Nf3 Nc6 3. Bc4 Na5 4. Nxe5 Nxc4 5. Nxc4 d5 6. exd5 Qxd5 7. Qe2+ Be6
8. b3 Qxg2 9. Qf1 Qe4+ 10. Ne3 Bc5 11. Nc3 Qe5 12. Qb5+ Bd7 13. Qxb7 Bxe3 14.
Qxa8+ Ke7 15. fxe3 g6 16. Qe4 Qxe4 17. Nxe4 Bc6 18. Ba3+ Kd7 19. Nc5+ Kc8 20.
Rf1 1-0

[Event "AUTO-OPEN-315"]
[Site "http://www.queenalice.com/game.php?id=83320"]
[Date "2006.7.6"]
[Round "1"]
[White "Hpredator"]
[Black "dreamspeaker"]
[Result "0-1"]
[WhiteElo "1323"]
[BlackElo "1418"]

1. d4 Nf6 2. d5 c5 3. dxc6 Nxc6 4. e3 d5 5. Bb5 Qa5+ 6. Nc3 Bg4 7. f3 Bh5 8.
Bxc6+ bxc6 9. Bd2 e5 10. e4 dxe4 11. Qe2 exf3 12. Nxf3 e4 13. Nxe4 Nxe4 14. Bxa5
f5 15. Qc4 Rc8 16. Qe6+ Be7 17. Qxc8+ Bd8 0-1

[Event "AUTO-OPEN-315"]
[Site "http://www.queenalice.com/game.php?id=83321"]
[Date "2006.7.6"]
[Round "1"]
[White "dreamspeaker"]
[Black "Hpredator"]
[Result "1-0"]
[WhiteElo "1430"]
[BlackElo "1311"]

1. c4 d5 2. Qc2 d4 3. Qa4+ Nc6 4. Nf3 e5 5. d3 Nf6 6. Ng5 Qd7 7. g3 Ng4 8. Bh3
Qf5 9. O-O h6 10. Ne4 h5 11. Bg5 Be7 12. Nbd2 Bxg5 13. Rad1 h4 14. Qb5 O-O 15.
f3 Be3+ 16. Kh1 a6 17. Qc5 1-0

[Event "AUTO-ADV-199"]
[Site "http://www.queenalice.com/game.php?id=83504"]
[Date "2006.7.7"]
[Round "1"]
[White "adlerburg"]
[Black "Hpredator"]
[Result "1-0"]
[WhiteElo "1529"]
[BlackElo "1386"]

1. e4 d5 2. Nc3 d4 3. Nd5 c6 4. Nb4 e6 5. a3 c5 6. Bb5+ Bd7 7. Bxd7+ Nxd7 8. Nf3
cxb4 9. Nxd4 Qf6 10. Nb5 Bc5 11. O-O Qe5 12. d4 Bxd4 13. Nxd4 Ngf6 14. a4 h5 15.
Nf3 Qxe4 16. Re1 Qc6 17. Bf4 Qc5 18. Bd6 Qb6 19. a5 Qc6 20. Nd4 Qxd6 21. Nf5
Qxd1 22. Nxg7+ Kd8 23. Raxd1 Rg8 24. Nxe6+ Kc8 25. Nf4 b6 26. Re7 bxa5 27. Nxh5
Kd8 28. Nxf6 Kxe7 29. Nxg8+ 1-0

[Event "AUTO-ADV-199"]
[Site "http://www.queenalice.com/game.php?id=83505"]
[Date "2006.7.7"]
[Round "1"]
[White "Hpredator"]
[Black "adlerburg"]
[Result "1-0"]
[WhiteElo "1524"]
[BlackElo "1622"]

1. e4 e6 2. d4 d5 3. exd5 exd5 4. Qe2+ Be7 5. Qe5 Nf6 6. c4 Nc6 7. Qg3 Bg4 8. h3
Bd6 9. Qe3+ Be6 10. cxd5 Nxd5 11. Qe4 O-O 12. Bd3 Qe7 13. Qxh7# 1-0

[Event "AUTO-ADV-199"]
[Site "http://www.queenalice.com/game.php?id=83516"]
[Date "2006.7.7"]
[Round "1"]
[White "azad_m"]
[Black "Hpredator"]
[Result "1-0"]
[WhiteElo "1459"]
[BlackElo "1542"]

1. e4 d5 2. exd5 Qxd5 3. Nc3 Qc5 4. Nf3 Nf6 5. d4 Qf5 6. Bd3 Qg4 7. O-O Nh5 8.
h3 Qe6 9. Ng5 Qd5 10. Nxd5 Kd8 11. Nxf7+ Kd7 12. Nxh8 c6 13. Qxh5 cxd5 14. Qxd5+
Ke8 15. Nf7 e6 16. Qd8+ 1-0

[Event "AUTO-ADV-199"]
[Site "http://www.queenalice.com/game.php?id=83517"]
[Date "2006.7.7"]
[Round "1"]
[White "Hpredator"]
[Black "azad_m"]
[Result "0-1"]
[WhiteElo "1398"]
[BlackElo "1489"]

1. d4 d5 2. Nc3 Nf6 3. f3 Nc6 4. e4 dxe4 5. d5 Nb4 6. fxe4 Bg4 7. Nf3 e6 8. a3
Na6 9. dxe6 Bxe6 10. Bxa6 Qxd1+ 11. Nxd1 bxa6 12. O-O Nxe4 13. Nc3 Bc5+ 14. Kh1
Rd8 15. Nxe4 Bd6 16. Nfg5 O-O 17. Ng3 h6 18. Nxe6 Kh7 19. Nxd8 Rxd8 20. Nf5 Be5
21. Ne7 Rd7 22. Nc6 Bf6 0-1

[Event "AUTO-ADV-199"]
[Site "http://www.queenalice.com/game.php?id=83522"]
[Date "2006.7.7"]
[Round "1"]
[White "rojen12"]
[Black "Hpredator"]
[Result "1-0"]
[WhiteElo "1594"]
[BlackElo "1417"]

1. d4 d5 2. e3 Nh6 3. Nf3 c6 4. g3 Ng4 5. Bh3 h5 6. Ng5 e6 7. f3 Qxg5 8. fxg4 e5
9. e4 Qf6 10. Rf1 Qg6 11. Bg2 hxg4 12. Nc3 exd4 13. Na4 dxe4 14. Qxd4 Na6 15.
Bxe4 Qe6 16. Be3 Rxh2 17. O-O-O Bd7 18. Bf5 Qd5 19. Qxd5 1-0

[Event "AUTO-ADV-199"]
[Site "http://www.queenalice.com/game.php?id=83523"]
[Date "2006.7.7"]
[Round "1"]
[White "Hpredator"]
[Black "rojen12"]
[Result "0-1"]
[WhiteElo "1408"]
[BlackElo "1603"]

1. d4 d5 2. Qd3 Nc6 3. Nf3 f5 4. Qb3 Nf6 5. e3 e6 6. c4 b6 7. cxd5 Nxd5 8. Bb5
Bb4+ 9. Nc3 O-O 10. Bxc6 Rb8 11. Bxd5 Bxc3+ 12. bxc3 exd5 13. c4 dxc4 14. Qxc4+
Kh8 15. O-O b5 16. Qd3 Rb6 17. e4 a6 18. Bb2 fxe4 0-1

[Event "AUTO-ADV-201"]
[Site "http://www.queenalice.com/game.php?id=84008"]
[Date "2006.7.8"]
[Round "1"]
[White "bloodrayne"]
[Black "Hpredator"]
[Result "1-0"]
[WhiteElo "1689"]
[BlackElo "1336"]

1. e4 d5 2. exd5 Qxd5 3. Nc3 Qc5 4. d4 Qb6 5. b3 Nf6 6. f3 Qb4 7. Bb2 c5 8. Bc4
e6 9. Ne2 cxd4 10. Nxd4 a6 11. O-O Bc5 12. Kh1 b5 13. a3 Qa5 14. b4 Bxb4 15.
axb4 Qxb4 16. Bb3 e5 17. Ndxb5 axb5 18. Rxa8 Nfd7 19. Nd5 1-0

[Event "AUTO-ADV-201"]
[Site "http://www.queenalice.com/game.php?id=84009"]
[Date "2006.7.8"]
[Round "1"]
[White "Hpredator"]
[Black "bloodrayne"]
[Result "0-1"]
[WhiteElo "1498"]
[BlackElo "1611"]

1. e4 e5 2. d4 exd4 3. Qxd4 Nc6 4. Qe3 Qf6 5. Qe2 Bc5 6. f3 Nge7 7. Qc4 Bxg1 8.
Rxg1 Qh4+ 9. g3 Qxh2 10. Rg2 Qh5 11. Nd2 O-O 12. b3 Ne5 13. Qxc7 Nxf3+ 14. Nxf3
Qxf3 15. Qc4 d5 16. Rf2 Qxf2+ 0-1

[Event "AUTO-ADV-201"]
[Site "http://www.queenalice.com/game.php?id=84036"]
[Date "2006.7.8"]
[Round "1"]
[White "Hpredator"]
[Black "mosca"]
[Result "0-1"]
[WhiteElo "1357"]
[BlackElo "1391"]

1. d4 d5 2. g3 Bf5 3. Bg2 c6 4. Nc3 b5 5. Nf3 h5 6. Ne5 e6 7. e4 dxe4 8. Nxe4
Bb4+ 9. c3 Nf6 10. Nxf6+ gxf6 11. Nxc6 Nxc6 12. Bxc6+ Kf8 13. Bxa8 Qxa8 0-1

[Event "AUTO-ADV-201"]
[Site "http://www.queenalice.com/game.php?id=84037"]
[Date "2006.7.8"]
[Round "1"]
[White "mosca"]
[Black "Hpredator"]
[Result "1-0"]
[WhiteElo "1375"]
[BlackElo "1373"]

1. d4 d5 2. e3 Nc6 3. Bb5 Qd6 4. f4 Qb4+ 5. c3 Qxb5 6. a4 Qa6 7. Na3 Nf6 8. h4
Ng4 9. b4 Nd8 10. b5 Qa5 11. Qb3 e6 12. Bd2 c6 13. c4 1-0

[Event "AUTO-ADV-202"]
[Site "http://www.queenalice.com/game.php?id=84598"]
[Date "2006.7.11"]
[Round "1"]
[White "yhell"]
[Black "Hpredator"]
[Result "1-0"]
[WhiteElo "1593"]
[BlackElo "1328"]

1. e4 d5 2. exd5 Qxd5 3. Nc3 Qe6+ 4. Nge2 Nd7 5. d4 Ndf6 6. h3 Ne4 7. Qd3 f5 8.
Bf4 c6 9. f3 g5 10. Be5 Ngf6 11. Nxe4 fxe4 12. fxe4 h5 13. Nc3 Rh6 14. O-O-O Nd7
15. Bc7 Qg8 16. Be2 Rf6 17. Bxh5+ Rf7 18. Rdf1 1-0

[Event "AUTO-ADV-202"]
[Site "http://www.queenalice.com/game.php?id=84599"]
[Date "2006.7.11"]
[Round "1"]
[White "Hpredator"]
[Black "yhell"]
[Result "0-1"]
[WhiteElo "1334"]
[BlackElo "1587"]

1. d4 d5 2. Nf3 f6 3. Na3 a6 4. c4 e6 5. Bf4 Bxa3 6. Qa4+ Bd7 7. Qxa3 dxc4 8.
Rd1 Ne7 9. e4 b5 10. d5 exd5 11. exd5 O-O 12. d6 cxd6 13. Bxd6 Nbc6 14. b3 cxb3
15. Qxb3+ Kh8 16. Qe3 Qa5+ 17. Nd2 Qxa2 0-1

[Event "AUTO-ADV-202"]
[Site "http://www.queenalice.com/game.php?id=84614"]
[Date "2006.7.11"]
[Round "1"]
[White "xandudz"]
[Black "Hpredator"]
[Result "1-0"]
[WhiteElo "1450"]
[BlackElo "1432"]

1. Nf3 d6 2. e4 e5 3. d4 Bg4 4. c3 exd4 5. cxd4 Bxf3 6. Qxf3 Nc6 7. Bb5 Qd7 8.
d5 a6 9. dxc6 bxc6 10. Ba4 Nf6 11. e5 Nd5 12. O-O dxe5 13. Rd1 O-O-O 14. Be3 1-0

[Event "AUTO-ADV-202"]
[Site "http://www.queenalice.com/game.php?id=84615"]
[Date "2006.7.11"]
[Round "1"]
[White "Hpredator"]
[Black "xandudz"]
[Result "0-1"]
[WhiteElo "1449"]
[BlackElo "1433"]

1. b3 d5 2. Bb2 c5 3. d4 Bf5 4. dxc5 Nc6 5. Nd2 Nb4 6. e3 Nxc2+ 7. Ke2 Nb4 8. f3
Nd3 9. Rb1 Nxc5 10. Rc1 b6 11. g4 Bd3+ 12. Kf2 e6 13. Rc3 Ba6 0-1

[Event "AUTO-ADV-202"]
[Site "http://www.queenalice.com/game.php?id=84624"]
[Date "2006.7.11"]
[Round "1"]
[White "toetapping"]
[Black "Hpredator"]
[Result "0-1"]
[WhiteElo "1225"]
[BlackElo "1509"]

1. d4 Nf6 2. f3 Nc6 3. e3 e5 4. dxe5 Nxe5 5. Qd4 d6 6. c4 Nfd7 7. c5 dxc5 8. f4
cxd4 9. fxe5 dxe3 10. Bxe3 Nxe5 11. g3 Be6 12. Bg2 Nc4 13. Bd4 Qxd4 14. Nc3 Qd2+
15. Kf1 Ne3# 0-1

[Event "AUTO-ADV-202"]
[Site "http://www.queenalice.com/game.php?id=84625"]
[Date "2006.7.11"]
[Round "1"]
[White "Hpredator"]
[Black "toetapping"]
[Result "0-1"]
[WhiteElo "1485"]
[BlackElo "1178"]

1. Nf3 d6 2. e4 h6 3. d4 g5 4. e5 f6 5. exf6 exf6 6. Be3 g4 7. Nh4 f5 8. Ng6 Rh7
9. Nxf8 Kxf8 10. Bd3 b6 11. f3 a5 12. fxg4 Rf7 13. gxf5 Qe8 14. Rf1 Qxe3+ 15.
Qe2 Qxd4 16. Nc3 Nc6 17. O-O-O a4 18. Rfe1 Qf4+ 0-1